000 01514nam2a2200277 4500
001 rc\3020667
005 20250530014412.0
035 _a(NLR Aleph) 007162762
090 _a7266110
_c7266110
100 _a20110927d1935 |||y0rusy50 ca
101 0 _arus
_deng
102 _aRU
105 _aa z 000cy
200 1 _aГеоморфологические очерки СССР
_h№ 1
_i[Геоморфологический очерк Памира
_fК. К. Марков]
210 _d1935
_aБ. м.
215 _a65, [1] с.
_cил.
300 _aЧастное загл. и авт. указаны на с. 5
320 _aБиблиогр.: с. 62-64 (70 назв.)
461 0 _1001rc\2832388
_12001#$aТруды Института географии$fАкадемия наук Союза советских социалистических республик$vВып. 17
_95620192
_aИнститут географии (Москва)
_cМосква
_d1931-1946
_fАкадемия наук Союза советских социалистических республик
_nИзд-во Академии наук СССР
_tТруды Института географии
_vВып. 17
701 1 _7ca
_8rus
_aМарков
_bК. К.
_cд-р геогр. наук
_f1905-1980
_gКонстантин Константинович
_9257245
_3RU\NLR\AUTH\770257301
801 0 _aRU
_bNLR
_gpsbo
801 1 _aRU
_bELAR
_2rusmarc
852 _aNLR
_j32-19/309(17)
942 _cBOOK
980 _aNB